LEADER 01206nam0 22002771i 450 001 UON00040101 005 20231205102141.829 100 $a20020107d1975 |0itac50 ba 101 $aita 102 $aIT 105 $a|||| 1|||| 200 1 $aˆLa ‰Zona terremotata di Dasht-e-Bayaz (Iran orientale)$econtributo allo studio antropogeografico delle csalamità naturali$fMaria Paola Pagnini Alberti 210 $aMilano$cA. Giuffré$d1975 215 $aVIII, 80 p.$cill.$d24 cm 606 $aIRAN$xGeografia$xIran Nordorientale$3UONC005707$2FI 606 $aCALAMITA' NATURALI$xIran$xTerremoti$3UONC013548$2FI 620 $aIT$dMilano$3UONL000005 686 $aIRA VIII A$cIRAN - GEOGRAFIA E VIAGGI - GEOGRAFIA$2A 700 1$aPAGNINI ALBERTI$bMaria Paola$3UONV025409$067938 712 $aGiuffrè$3UONV257275$4650 801 $aIT$bSOL$c20240220$gRICA 899 $aSIBA - SISTEMA BIBLIOTECARIO DI ATENEO$2UONSI 912 $aUON00040101 950 $aSIBA - SISTEMA BIBLIOTECARIO DI ATENEO$dSI IRA VIII A 011 N $eSI G 4359 7 011 N 996 $aZona terremotata di Dasht-e-Bayaz (Iran orientale)$9162696 997 $aUNIOR LEADER 01650nam0 22004211i 450 001 990005380320403321 005 20250228093820.0 035 $aFED01000538032 035 $a(Aleph)000538032FED01 035 $a000538032 100 $a19990530d1965----km-y0itay50------ba 101 0 $ager 102 $aDE 105 $ay-------001yy 200 1 $aAusgewählte Schriften$fGuido Kaschnitz von Weinberg 210 $aBerlin$cGebr. Mann$d1965 215 $a3 v.$d25 cm$cill. 327 1 $a1: Kleine Schriften zur Struktur / herausgegeben von Helga von Heintze mit einem Vorwort von Harald Keller und einer Biographie des Verfassers von Marie Luise Kaschnitz$a2: Romische Bildnisse / herausgegeben von Gerhard Kleiner und Helga von Heintze$a3: Mittelmeerische Kunst : eine Darstellung ihrer Strukturen / aus dem Nachlass herausgegeben von Peter H. von Blanckenhagen und Helga von Heintze 610 0 $aArte$aInterpretazione 610 0 $aArte mediterranea 610 0 $aRitratti romani 676 $a700$v22$zita 676 $a930.1$v22$zita 700 1$aKaschnitz von Weinberg,$bGuido$f<1890-1958>$0207433 702 1$aKeller,$bHarald 702 1$aKaschnitz,$bMarie Luise$f<1901-1974> 702 1$aKleiner,$bGerhard 702 1$aHeintze,$bHelga Freifrau : von 702 1$aBlanckenhagen,$bPeter H. : von 801 0$aIT$bUNINA$gRICA$2UNIMARC 901 $aBK 912 $a990005380320403321 952 $aARCH. O 279 8 a$bARCH. 12425$fFLFBC 952 $aARCH. O 279 8 b$bARCH. 12701$fFLFBC 952 $aARCH. O 279 8$bARCH. 12426$fFLFBC 959 $aFLFBC 996 $aAusgewählte Schriften$9596010 997 $aUNINA